The captive : a comic opera. As it is perform'd at the Theatre-Royal in the Hay-Market, and the Theatre-Royal in Crow-Street.

Bibliographic Details
Main Author: Bickerstaff, Isaac, 1735-1812
Format: eBook
Language:English
Series:Eighteenth century collections online.
Online Access:Full text online

MARC

Tag First Indicator Second Indicator Subfields
LEADER 00000cam a2200000 4500
001 in00001865521
006 m | d |
007 cr |n||||||||n
008 870205s1772 ie |||| s 00||||eng d
005 20260407203938.6
035 |a (CStRLIN)ESTCN26621 
040 |a Cu-RivES  |c Cu-RivES  |d Uk-ES  |d CStRLIN  |d Thomson Gale  |d UtOrBLW 
100 1 |a Bickerstaff, Isaac,  |d 1735-1812. 
245 1 4 |a The captive :  |b a comic opera. As it is perform'd at the Theatre-Royal in the Hay-Market, and the Theatre-Royal in Crow-Street. 
264 3 |a Dublin :  |b printed by Robert Marchbank, for R. Moncrieffe,  |c 1772. 
300 |a 26, 2 unnumbered pages ;  |c 12⁰. 
336 |a text  |b txt  |2 rdacontent 
337 |a computer  |b c  |2 rdamedia 
338 |a online resource  |b cr  |2 rdacarrier 
500 |a Anonymous. By Isaac Bickerstaff. 
500 |a Without the music. 
500 |a Based on scenes from Dryden's 'Don Sebastian'. 
500 |a Final leaf: 'Table of the songs, with the composers'. 
500 |a Reproduction of original from the British Library. 
510 4 |a English Short Title Catalog,  |c ESTCN26621. 
533 |a Electronic reproduction.  |b Farmington Hills, Mich. :  |c Thomson Gale,  |d 2003.  |n Available via the World Wide Web.  |n Access limited by licensing agreements  |7 s2003 miunns 
500 |a Electronic resource. 
830 0 |a Eighteenth century collections online. 
856 4 0 |u http://proxy.library.tamu.edu/login?url=https://galenet.galegroup.com/servlet/ECCO?c=1&stp=Author&ste=11&af=BN&ae=N026621&tiPG=1&dd=0&dc=flc&docNum=CW107931160&vrsn=1.0&srchtp=a&d4=0.33&n=10&SU=0LRL+OR+0LRI&locID=txshracd2898  |z Full text online  |t 0 
999 |a MARS 
999 f f |s 22be40da-5b46-32ce-a03f-204cd4662a84  |i 4cd779e1-145c-3664-a97b-a27370a223bb  |t 0 
952 f f |a Texas A&M University  |b College Station  |c Electronic Resources  |s www_evans  |d Available Online  |t 0  |h No information provided 
998 f f |t 0  |l Available Online